Formule 1 - Constructeurs aux victoires uniques - Statistiques

Statistiques générales
  • Ce quiz a été pris 410 fois
  • Le résultat moyen est 5 sur 11
Statistiques - réponses
Saison Grand Prix Constructeur Pilote vainqueur % Correct
2021 GP de Hongrie Alpine Esteban Ocon
97%
2020 GP d'Italie AlphaTauri Pierre Gasly
94%
2020 GP de Sakhir Racing Point Sergio Pérez
82%
2008 GP d'Italie Toro Rosso Sebastian Vettel
75%
2008 GP du Canada BMW Sauber Robert Kubica
42%
1999 GP d'Europe Stewart Johnny Herbert
22%
1975 GP des Pays-Bas Hesketh James Hunt
18%
1962 GP de France Porsche Dan Gurney
14%
1977 GP d'Autriche Shadow Alan Jones
12%
1967 GP de Belgique Eagle Dan Gurney
11%
1976 GP d'Autriche Penske John Watson
11%
Aucun quiz correspondant
Distribution des résultats
% des personnes avec chaque résultat
Percentile par nombre de réponses
Votre historique - résultats
Vous n’avez pas pris ce quiz